Identidad nacional, historia e invención de tradiciones en El Salvador en la década de 1920 /
Estudia el proceso que condujo a la consagración de Atlacatl el cacique indígena que lideró la resistencia de los habitantes de Cuscatlán frente a los invasores españoles, como héroe nacional, hacia fines de la década de 1920
Furkejuvvon:
| Váldodahkki: | |
|---|---|
| Materiálatiipa: | Texto |
| Fáttát: | |
| Fáddágilkorat: |
Lasit fáddágilkoriid
Eai fáddágilkorat, Lasit vuosttaš fáddágilkora!
|
MARC
| LEADER | 00000 a a2200000 04500 | ||
|---|---|---|---|
| 001 | 15649 | ||
| 003 | |||
| 040 | |||
| 100 | |a López Bernal, Carlos Gregorio | ||
| 245 | |a Identidad nacional, historia e invención de tradiciones en El Salvador en la década de 1920 / |c Carlos Gregorio López Bernal | ||
| 264 | |b CIRMA | ||
| 520 | |a Estudia el proceso que condujo a la consagración de Atlacatl el cacique indígena que lideró la resistencia de los habitantes de Cuscatlán frente a los invasores españoles, como héroe nacional, hacia fines de la década de 1920 | ||
| 650 | |a IDENTIDAD CULTURAL | ||
| 650 | |a NACIONALISMO | ||
| 650 | |a NACION | ||
| 650 | |a HISTORIA SOCIAL | ||
| 650 | |a TRADICION | ||
| 773 | |g número 45; páginas 35-71 | ||
| 999 | |c 20619 |d 20619 | ||
